01053nam a2200277Ia 4500001001200000003000800012006001900020007001500039008004100054020001800095020001800113040002100131035002100152050002500173110001600198245011300214260004100327300001500368533015200383650002300535650002800558655002900586710001700615856012600632999001700758ebr10732093CaPaEBRm o u cr cn|||||||||130724s2013 dcu s 000 0 eng d z9780821398166 z9780821398173 aCaPaEBRcCaPaEBR a(OCoLC)85707722114aHC79.I55bW67 2013eb2 aWorld Bank.14aThe little data book on information and communication technologyh[electronic resource] .n13 /cWorld Bank. aWashington, DC :bWorld Bank,c2013. avi, 237 p. aElectronic reproduction.bPalo Alto, Calif. :cebrary,d2013.nAvailable via World Wide Web.nAccess may be limited to ebrary affiliated libraries. 0aTelecommunication. 0aInformation technology. 7aElectronic books.2local2 aebrary, Inc.40uhttp://site.ebrary.com/lib/rucke/Doc?id=10732093zAn electronic book accessible through the World Wide Web; click to view c36304d36304